000 00702nam a2200217 a 4500
001 BRCA_119
005 20190320202904.0
008 940405s1990 mx-#---##b---#000-0#spa-d
020 _a9682951011
050 4 _aAM7
_b.B66 1990
245 1 0 _aPatrimonio, museo y participación social
_cRamón Bonfil Castro, Néstor García Canclini... [et al.].
260 _aMéxico
_bINAH
_c1990
300 _a357 p.
_c26 cm.
440 0 _aColección Científica
_9470
500 _aMemorias del simposio
650 1 4 _aMuseos históricos
_zMéxico
_9471
650 1 4 _aMuseos
_xParticipación social
_zMéxico
_9472
700 1 _aBonfil Castro, Ramón
_9473
700 1 _aGarcía Canclini, Néstor
_9474
942 _2lcc
_cB
999 _c104
_d104